[Event "XXV Coppa d'Oro"]
[Site "Villa Guardia ITA"]
[Date "2007.11.13"]
[Round "6"]
[White "Curioni, Franco"]
[Black "Zuccoli, Maurizio"]
[Result "1-0"]
[WhiteElo "2197"]
[BlackElo "1885"]
[PlyCount "73"]
[EventDate "2007.10.05"]

1. e4 c5 2. c3 d6 3. Nf3 Bg4 4. Be2 Nf6 5. d3 Nc6 6. O-O g6 7. Be3 Bg7 8. Nbd2
O-O 9. h3 Bd7 10. Ng5 h6 11. Ngf3 Qc7 12. Qc2 b6 13. d4 cxd4 14. cxd4 Qb7 15.
Rac1 Rac8 16. Qd3 Nb8 17. d5 Rxc1 18. Rxc1 Rc8 19. Re1 b5 20. b4 Qc7 21. Nd4 a6
22. N4b3 Qc2 23. Qxc2 Rxc2 24. Ba7 Rc8 25. Rc1 Rd8 26. Rc7 Be8 27. Na5 Nbd7 28.
Nc6 Ra8 29. Nxe7+ Kf8 30. Nc8 h5 31. Be3 a5 32. bxa5 Rxa5 33. Nxd6 Rxa2 34.
Bxb5 Ra1+ 35. Nf1 Nxd5 36. exd5 Be5 37. Rc8 1-0

[Event "XXV Coppa d'Oro"]
[Site "Villa Guardia ITA"]
[Date "2007.11.16"]
[Round "6"]
[White "Ghelfi, Giancarlo"]
[Black "Schingaro, Angelo"]
[Result "0-1"]
[WhiteElo "1538"]
[BlackElo "1691"]
[PlyCount "59"]
[EventDate "2007.10.05"]

1. e4 c5 2. Nf3 e6 3. d4 cxd4 4. Nxd4 a6 5. Be2 Qc7 6. O-O Nf6 7. Qd3 Nc6 8.
Be3 Ne5 9. Qb3 Nxe4 10. Nf3 Nxf3+ 11. Bxf3 Nf6 12. Nc3 d5 13. Rfe1 Be7 14. Na4
b5 15. Nb6 Rb8 16. Nxc8 Rxc8 17. c3 O-O 18. Rad1 Rfd8 19. Bd4 Ne8 20. Rd3 Bf6
21. Qd1 e5 22. Bg4 exd4 23. Bxc8 Qxc8 24. cxd4 Nd6 25. b3 Rd7 26. Re2 Rc7 27.
Rde3 Rc1 28. Re8+ Nxe8 29. Rxe8+ Qxe8 30. Qxc1 0-1

[Event "XXV Coppa d'Oro"]
[Site "Villa Guardia ITA"]
[Date "2007.11.16"]
[Round "6"]
[White "Grassetto, Gilberto"]
[Black "Giaracuni, Claudio"]
[Result "1/2-1/2"]
[WhiteElo "1923"]
[BlackElo "1759"]
[PlyCount "70"]
[EventDate "2007.10.05"]

1. d4 d5 2. Nf3 e6 3. Nbd2 Nf6 4. e3 Bd6 5. c4 c6 6. a3 Nbd7 7. b4 a6 8. Bb2
O-O 9. Qc2 Re8 10. Bd3 e5 11. dxe5 Nxe5 12. Nxe5 Bxe5 13. Bxe5 Rxe5 14. Nf3 Re8
15. Ng5 h6 16. Nf3 dxc4 17. Bxc4 Be6 18. O-O Bxc4 19. Qxc4 Qc7 20. Rfd1 Rad8
21. h3 Rxd1+ 22. Rxd1 Rd8 23. Rd4 Rxd4 24. Nxd4 Qe5 25. a4 Qd5 26. Qc2 a5 27.
b5 c5 28. Nf5 Qe5 29. f4 Qa1+ 30. Kh2 b6 31. Ne7+ Kf8 32. Nc8 Qe1 33. Nxb6 Ng4+
34. hxg4 Qh4+ 35. Kg1 Qe1+ 1/2-1/2

[Event "XXV Coppa d'Oro"]
[Site "Villa Guardia ITA"]
[Date "2007.11.16"]
[Round "6"]
[White "Napoli, Ferdinando"]
[Black "Raineri, Pieroberto"]
[Result "0-1"]
[WhiteElo "1850"]
[BlackElo "1614"]
[PlyCount "32"]
[EventDate "2007.10.05"]

1. e4 c5 2. Nf3 Nc6 3. d4 cxd4 4. Nxd4 g6 5. Be3 Bg7 6. Nc3 Nf6 7. f3 O-O 8.
Qd2 d5 9. Nxc6 bxc6 10. O-O-O e6 11. h4 a5 12. g4 a4 13. a3 Qa5 14. Qf2 Rb8 15.
Bc5 Nd7 16. Bd4 e5 0-1

[Event "XXV Coppa d'Oro"]
[Site "Villa Guardia ITA"]
[Date "2007.11.23"]
[Round "7"]
[White "Bevilacqua, Roberto"]
[Black "Larghi, Riccardo"]
[Result "1-0"]
[WhiteElo "2159"]
[BlackElo "1921"]
[PlyCount "43"]
[EventDate "2007.10.05"]

1. e4 c5 2. Nc3 e5 3. Bc4 Nf6 4. d3 d6 5. f4 Be7 6. Nf3 Bg4 7. h3 Bxf3 8. Qxf3
Nc6 9. O-O Rb8 10. g4 Nd4 11. Qg2 b5 12. Bd5 O-O 13. g5 Nxd5 14. Nxd5 exf4 15.
Bxf4 Ne6 16. h4 Kh8 17. Qg3 Nxf4 18. Rxf4 Qe8 19. Raf1 Rb7 20. Rf5 Bd8 21. Qxd6
c4 22. Re5 1-0

[Event "XXV Coppa d'Oro"]
[Site "Villa Guardia ITA"]
[Date "2007.11.23"]
[Round "7"]
[White "Cairoli, Camillo"]
[Black "Napoli, Ferdinando"]
[Result "1-0"]
[WhiteElo "1937"]
[BlackElo "1850"]
[PlyCount "111"]
[EventDate "2007.10.05"]

1. e4 c5 2. Nf3 d6 3. d4 cxd4 4. Nxd4 Nf6 5. Nc3 a6 6. Be2 e6 7. g4 h6 8. Be3
Qc7 9. f4 Nc6 10. O-O Be7 11. a4 Bd7 12. Bf3 Nxd4 13. Bxd4 Bc6 14. a5 Rc8 15.
Bb6 Qb8 16. Rf2 Nd7 17. Be3 Bf6 18. Bd4 O-O 19. Rd2 Rfd8 20. Qf1 Bxd4+ 21. Rxd4
e5 22. fxe5 Qa7 23. Qf2 dxe5 24. Rd2 Qxf2+ 25. Kxf2 Nc5 26. Rad1 Ne6 27. Nd5
Kf8 28. c3 Ba4 29. Re1 Nc5 30. b4 Ne6 31. Ke3 Rc6 32. Bd1 Bb5 33. Bb3 Bc4 34.
Bxc4 Rxc4 35. Rd3 Ng5 36. Nf6 Rxd3+ 37. Kxd3 Rc7 38. Nd5 Rc6 39. Rf1 f6 40. h4
Ne6 41. Rf2 Kf7 42. c4 Nd4 43. g5 hxg5 44. hxg5 Re6 45. gxf6 gxf6 46. c5 Rc6
47. Kc4 Re6 48. Ne3 Re8 49. Ng4 Re6 50. Nxe5+ Rxe5 51. Kxd4 Ke6 52. Rf3 Rh5 53.
b5 axb5 54. Rb3 Rh2 55. Rxb5 f5 56. Rb6+ 1-0

[Event "XXV Coppa d'Oro"]
[Site "Villa Guardia ITA"]
[Date "2007.11.23"]
[Round "7"]
[White "Calabrese, Mattia"]
[Black "Calabrese, Salvatore"]
[Result "1-0"]
[WhiteElo "1347"]
[BlackElo "1323"]
[PlyCount "47"]
[EventDate "2007.10.05"]

1. c4 g6 2. d4 Bg7 3. Nf3 c5 4. e4 Qa5+ 5. Bd2 Qb6 6. Bc3 Nc6 7. dxc5 Bxc3+ 8.
Nxc3 Qxb2 9. Rc1 Nb4 10. Be2 Nxa2 11. Nxa2 Qxa2 12. O-O Nf6 13. e5 Ne4 14. c6
bxc6 15. c5 Rb8 16. Bc4 Qa5 17. Qd4 Nxc5 18. e6 Rf8 19. exf7+ Rxf7 20. Bxf7+
Kxf7 21. Ng5+ Kg8 22. Rxc5 Qb6 23. Qf4 Kh8 24. Qf8# 1-0

[Event "XXV Coppa d'Oro"]
[Site "Villa Guardia ITA"]
[Date "2007.11.23"]
[Round "7"]
[White "Giaracuni, Claudio"]
[Black "Raineri, Pieroberto"]
[Result "1/2-1/2"]
[WhiteElo "1759"]
[BlackElo "1614"]
[PlyCount "126"]
[EventDate "2007.10.05"]

1. d4 Nf6 2. Nf3 g6 3. Nc3 d5 4. Bg5 Bg7 5. e3 O-O 6. Bd3 Nc6 7. a3 Nh5 8. h3
a6 9. O-O Qd6 10. g4 f6 11. Bh4 g5 12. gxh5 gxh4 13. Nxh4 Bxh3 14. Nf5 Bxf5 15.
Bxf5 e6 16. Bh3 Kh8 17. Kh1 Rg8 18. Rg1 Bh6 19. Qf3 f5 20. Rg2 Rxg2 21. Qxg2
Rg8 22. Qf3 Qd7 23. Rg1 Qf7 24. Rxg8+ Qxg8 25. Ne2 Qf7 26. b3 Bf8 27. a4 Bd6
28. c4 dxc4 29. bxc4 Nd8 30. d5 exd5 31. cxd5 f4 32. Nxf4 Qf6 33. Qe4 b5 34.
axb5 axb5 35. Qe8+ Kg7 36. Qxb5 Bxf4 37. exf4 Qxf4 38. Qd7+ Nf7 39. Be6 Qc1+
40. Kg2 Qg5+ 41. Bg4 Qe5 42. h6+ Kf6 43. Qe6+ Qxe6 44. Bxe6 Nxh6 45. f4 Nf7 46.
Kg3 Nd6 47. Kg4 Ne8 48. f5 Ng7 49. Bc8 h5+ 50. Kh4 Nxf5+ 51. Kxh5 Ke5 52. Kg5
Ne7 53. Bb7 Nxd5 54. Kg4 c5 55. Ba6 Nb4 56. Be2 Kd4 57. Kf3 Nd3 58. Bd1 c4 59.
Ke2 c3 60. Bc2 Nb2 61. Bb3 Kc5 62. Bc2 Kd4 63. Bh7 Nc4 1/2-1/2

[Event "XXV Coppa d'Oro"]
[Site "Villa Guardia ITA"]
[Date "2007.11.23"]
[Round "7"]
[White "Grassetto, Gilberto"]
[Black "Colombo, Alberto"]
[Result "0-1"]
[WhiteElo "1923"]
[BlackElo "2099"]
[PlyCount "54"]
[EventDate "2007.10.05"]

1. d4 Nf6 2. c4 e6 3. Nc3 Bb4 4. Qc2 O-O 5. a3 Bxc3+ 6. Qxc3 Ne4 7. Qc2 f5 8.
e3 b6 9. Nf3 Bb7 10. Be2 d6 11. O-O Nd7 12. b4 c5 13. Bb2 Qe7 14. dxc5 dxc5 15.
b5 Rad8 16. Rfd1 Ng5 17. Nxg5 Qxg5 18. Bf1 f4 19. exf4 Qxf4 20. Rd2 Ne5 21.
Bxe5 Qxd2 22. Qxd2 Rxd2 23. a4 Rfxf2 24. a5 Bxg2 25. Bxg2 Rxg2+ 26. Kh1 bxa5
27. Rxa5 Rge2 0-1

[Event "XXV Coppa d'Oro"]
[Site "Villa Guardia ITA"]
[Date "2007.11.23"]
[Round "7"]
[White "Laricini, Alberto"]
[Black "Liscio, Giovanni"]
[Result "0-1"]
[WhiteElo "1667"]
[BlackElo "2018"]
[PlyCount "56"]
[EventDate "2007.10.05"]

1. d4 Nf6 2. Nf3 g6 3. c4 Bg7 4. Nc3 d5 5. h3 O-O 6. Bf4 dxc4 7. e3 Nd5 8. Nxd5
Qxd5 9. Bxc7 b5 10. Rc1 Ba6 11. Be2 Nd7 12. O-O Rfc8 13. Bg3 Nb6 14. Ne1 Bb7
15. Bf3 Qd7 16. Bxb7 Qxb7 17. Nf3 a5 18. Rc2 Nd5 19. a3 b4 20. e4 Nf6 21. axb4
axb4 22. e5 Nd5 23. Qe2 c3 24. bxc3 bxc3 25. Qe4 e6 26. Rfc1 Bh6 27. Rd1 Qb3
28. Ne1 Nb4 0-1

[Event "XXV Coppa d'Oro"]
[Site "Villa Guardia ITA"]
[Date "2007.11.23"]
[Round "7"]
[White "Moioli, Ferruccio"]
[Black "Boffi, Luigi"]
[Result "1/2-1/2"]
[WhiteElo "1521"]
[BlackElo "1557"]
[PlyCount "58"]
[EventDate "2007.10.05"]

1. d4 d5 2. Nc3 Nf6 3. Bf4 c6 4. e3 Bg4 5. Be2 Bxe2 6. Ngxe2 e6 7. a3 Be7 8.
Ng3 O-O 9. O-O Nbd7 10. e4 dxe4 11. Ncxe4 Nd5 12. Be5 Bf6 13. f4 Ne3 14. Qe2
Nxf1 15. Rxf1 Bxe5 16. fxe5 Qb6 17. c3 c5 18. Qg4 cxd4 19. Nh5 dxc3+ 20. Kh1 g6
21. bxc3 Qb5 22. Kg1 Qxe5 23. Nhf6+ Nxf6 24. Nxf6+ Kg7 25. Qh4 Qe3+ 26. Kh1 h5
27. Ne4 Qd3 28. Qf6+ Kg8 29. Ng5 Qd8 1/2-1/2

[Event "XXV Coppa d'Oro"]
[Site "Villa Guardia ITA"]
[Date "2007.11.23"]
[Round "7"]
[White "Schingaro, Angelo"]
[Black "Gatti, Luigi"]
[Result "1-0"]
[WhiteElo "1691"]
[BlackElo "1425"]
[PlyCount "95"]
[EventDate "2007.10.05"]

1. e4 c6 2. d4 d5 3. e5 Bf5 4. Nf3 e6 5. Be2 Nd7 6. O-O c5 7. c3 h6 8. Be3 c4
9. b3 b5 10. a4 b4 11. bxc4 dxc4 12. cxb4 Bxb4 13. Bxc4 Qc7 14. Be2 Ne7 15.
Nbd2 Nd5 16. Rc1 Bc3 17. Nc4 O-O 18. Nd6 Bh7 19. Nb5 Qa5 20. Nxc3 Nxc3 21. Bd2
Nxe2+ 22. Qxe2 Qxa4 23. Ra1 Qb3 24. Rfc1 Qb2 25. Qe1 Nb6 26. Rc7 a6 27. Rb7
Rfb8 28. Rxb8+ Rxb8 29. Rxa6 Nc4 30. h3 Bd3 31. Ra1 Nxd2 32. Nxd2 Qxd4 33. Nf3
Qb2 34. Rd1 Bh7 35. Qa5 Be4 36. Rd8+ Rxd8 37. Qxd8+ Kh7 38. Qd4 Qxd4 39. Nxd4
Kg6 40. f3 Bd5 41. Kf2 Kg5 42. g3 f6 43. h4+ Kg6 44. f4 f5 45. Nc2 Kh5 46. Ne3
g6 47. Nxd5 exd5 48. e6 1-0

[Event "I Open"]
[Site "Porto Torres ITA"]
[Date "2007.10.06"]
[Round "2"]
[White "Figus, Maurizio"]
[Black "Murtas, Gianvito"]
[Result "0-1"]
[WhiteElo "1934"]
[BlackElo "1763"]
[PlyCount "70"]
[EventDate "2007.10.06"]

1. e4 c5 2. Nf3 d6 3. d4 cxd4 4. Nxd4 Nf6 5. Nc3 a6 6. Bg5 e6 7. f4 Be7 8. Qf3
Qc7 9. O-O-O Nbd7 10. g4 b5 11. Bxf6 Nxf6 12. g5 Nd7 13. f5 Bxg5+ 14. Kb1 Ne5
15. Qh5 Be3 16. Nxe6 Bxe6 17. fxe6 Rc8 18. exf7+ Nxf7 19. Bh3 b4 20. Bxc8 bxc3
21. Be6 O-O 22. Rhf1 Qb7 23. Bxf7+ Rxf7 24. Qxf7+ Qxf7 25. Rxf7 Kxf7 26. Rxd6
Bf4 27. Rxa6 Bxh2 28. bxc3 h5 29. c4 h4 30. c5 Be5 31. c6 h3 32. Ra3 h2 33. Rh3
g5 34. a4 g4 35. Rh4 g3 0-1

[Event "I Open"]
[Site "Porto Torres ITA"]
[Date "2007.10.06"]
[Round "2"]
[White "Maldarelli, Lorenzo"]
[Black "Ibba, Isacco"]
[Result "0-1"]
[WhiteElo "1767"]
[BlackElo "2202"]
[PlyCount "94"]
[EventDate "2007.10.06"]

1. d4 g6 2. c4 Bg7 3. Nc3 Nf6 4. e4 d6 5. f3 c6 6. Be3 O-O 7. Qd2 Re8 8. O-O-O
Qa5 9. g4 a6 10. Kb1 b5 11. Nd5 Qxd2 12. Nxf6+ exf6 13. Bxd2 f5 14. gxf5 gxf5
15. Bc3 fxe4 16. fxe4 Rxe4 17. Bd3 Re3 18. Kc2 bxc4 19. Bxc4 Bf5+ 20. Bd3 Bg4
21. Rf1 Nd7 22. h3 Bh5 23. Rh2 Nb6 24. Ne2 Nd5 25. Bd2 Bxe2 26. Bxe2 Rg3 27.
Rf3 Rxf3 28. Bxf3 Bxd4 29. Rg2+ Kh8 30. Re2 Be5 31. Re4 Ne7 32. Bc3 Ng6 33. h4
f6 34. h5 Ne7 35. Rb4 Ra7 36. h6 Kg8 37. Bh5 Ng6 38. Rb8+ Kf7 39. Rh8 Ke6 40.
Rg8 Nf4 41. Bf3 d5 42. Rg7 Rxg7 43. hxg7 Kf7 44. Bd2 Kxg7 45. Bxf4 Bxf4 46. Be2
a5 47. Bf3 47... Kf7 {...} 0-1

[Event "I Open"]
[Site "Porto Torres ITA"]
[Date "2007.10.07"]
[Round "3"]
[White "Paulesu, Sebastiano"]
[Black "Murtas, Gianvito"]
[Result "1-0"]
[WhiteElo "1971"]
[BlackElo "1763"]
[PlyCount "64"]
[EventDate "2007.10.06"]

1. c4 c5 2. Nc3 Nc6 3. g3 g6 4. Bg2 Bg7 5. Nf3 Nf6 6. O-O O-O 7. d4 cxd4 8.
Nxd4 Qb6 9. e3 d6 10. h3 Bd7 11. b3 Rac8 12. Bb2 Nxd4 13. Qxd4 Qxd4 14. exd4 b6
15. Rfe1 e6 16. Ba3 Rfd8 17. Bxd6 Bc6 18. Be5 Bxg2 19. Kxg2 Nd5 20. Bxg7 Kxg7
21. cxd5 Rxc3 22. dxe6 fxe6 23. Rxe6 Rxd4 24. Re7+ Kf6 25. Rae1 Rc2 26. R1e6+
Kf5 27. g4+ Kg5 28. Kg3 Rd3+ 29. f3 Kh6 30. h4 Rd5 31. g5+ Rxg5+ 32. hxg5+ Kxg5
1-0

[Event "I Open"]
[Site "Porto Torres ITA"]
[Date "2007.10.07"]
[Round "4"]
[White "Messina, Giuseppe Ottavio"]
[Black "Ibba, Isacco"]
[Result "0-1"]
[WhiteElo "2055"]
[BlackElo "2202"]
[PlyCount "105"]
[EventDate "2007.10.06"]

1. d4 d5 2. f4 Nf6 3. e3 Bf5 4. Nf3 e6 5. Bd3 Ne4 6. O-O Nd7 7. Qe2 Bd6 8. Nbd2
Ndf6 9. Ne5 h5 10. c4 c6 11. Ndf3 Qe7 12. c5 Bc7 13. Bd2 Ng4 14. Bb1 f6 15. Nd3
O-O 16. Be1 Nh6 17. h3 g5 18. fxg5 fxg5 19. Nde5 g4 20. Nh4 Bxe5 21. Nxf5 exf5
22. dxe5 Qxe5 23. Rf4 Nxc5 24. Bc3 Qd6 25. Bc2 Ne6 26. Rff1 Rae8 27. Rad1 Qg3
28. Be1 Nf4 29. Qd2 Nxh3+ 30. Kh1 Qxe3 31. Qxe3 Rxe3 32. Bd2 d4 33. Bb3+ Kh8
34. gxh3 Rxh3+ 35. Kg2 Kg7 36. Bf4 d3 37. Rfe1 Ng8 38. Re6 Rf3 39. Bd6 Rd8 40.
Be5+ Kh7 41. Rh1 Rh3 42. Rxh3 gxh3+ 43. Kxh3 d2 44. Bd6 Nh6 45. Re7+ Kg6 46.
Be5 Ng4 47. Re6+ Kg5 48. Bd6 Rd7 49. Kg3 h4+ 50. Kf3 h3 51. Kg3 h2 52. Kg2
h1=Q+ 53. Kxh1 0-1

[Event "XXXVII Corsicoscacchi FIDE"]
[Site "Corsico ITA"]
[Date "2007.10.06"]
[Round "1"]
[White "Gagliardi, Christian"]
[Black "Ranieri, Fabrizio"]
[Result "1-0"]
[WhiteElo "2184"]
[BlackElo "2254"]
[PlyCount "82"]
[EventDate "2007.10.06"]

1. e4 e6 2. d3 d5 3. Nd2 c5 4. Ngf3 Nc6 5. g3 Bd6 6. Bg2 Nge7 7. O-O O-O 8. Re1
f6 9. c3 d4 10. cxd4 cxd4 11. e5 Bxe5 12. Nxe5 Nxe5 13. Rxe5 fxe5 14. Ne4 Nd5
15. Bh3 Qe8 16. Nd6 Qe7 17. Nc4 Qf6 18. Qe2 e4 19. dxe4 Nb4 20. Bf4 b5 21. Ne5
Rd8 22. Qxb5 a5 23. Ng4 Qg6 24. Ne5 Qf6 25. Ng4 Qf7 26. Qg5 Qf8 27. Nh6+ Kh8
28. Qxd8 Bb7 29. Nf7+ Kg8 30. Qxf8+ Kxf8 31. Nd6 Bc6 32. a3 Nc2 33. Rc1 Ba4 34.
e5 Ke7 35. Bg5+ Kd7 36. Bg2 Rb8 37. Nc4 d3 38. Rd1 Nb4 39. Rd2 Bb5 40. axb4
Bxc4 41. bxa5 Rb5 1-0

[Event "XXXVII Corsicoscacchi FIDE"]
[Site "Corsico ITA"]
[Date "2007.10.06"]
[Round "1"]
[White "Scalcione, Michelangelo"]
[Black "Sbarra, Marco"]
[Result "1-0"]
[WhiteElo "2357"]
[BlackElo "2220"]
[PlyCount "41"]
[EventDate "2007.10.06"]

1. Nf3 d5 2. d4 e6 3. e3 c5 4. c3 Nf6 5. Bd3 Nc6 6. Nbd2 Bd6 7. O-O e5 8. e4
cxd4 9. cxd4 dxe4 10. Nxe4 Nxe4 11. Bxe4 Nxd4 12. Nxd4 exd4 13. Qh5 Qb6 14. Re1
Kf8 15. Bd5 Be6 16. Rxe6 fxe6 17. Qf3+ Ke8 18. Bxb7 Rb8 19. Bc6+ Kd8 20. Bg5+
Be7 21. Qf7 1-0

[Event "XXXVII Corsicoscacchi FIDE"]
[Site "Corsico ITA"]
[Date "2007.10.06"]
[Round "1"]
[White "Valsecchi, Alessio"]
[Black "Mione, Dario"]
[Result "1/2-1/2"]
[WhiteElo "2215"]
[BlackElo "2254"]
[PlyCount "40"]
[EventDate "2007.10.06"]

1. g3 d5 2. Bg2 c6 3. Nf3 Nf6 4. O-O h6 5. d3 Bf5 6. Nbd2 e6 7. Rb1 c5 8. a3
Nc6 9. c4 a5 10. cxd5 exd5 11. b3 Be7 12. Bb2 O-O 13. Ne5 Ra6 14. Rc1 Nxe5 15.
Bxe5 Re6 16. Bxf6 Rxf6 17. e4 dxe4 18. dxe4 Rd6 19. exf5 Rxd2 20. Qf3 b6
1/2-1/2

[Event "XXXVII Corsicoscacchi FIDE"]
[Site "Corsico ITA"]
[Date "2007.10.06"]
[Round "1"]
[White "Vancini, Edoardo"]
[Black "Pace, Pietro Dario"]
[Result "0-1"]
[WhiteElo "2290"]
[BlackElo "2194"]
[PlyCount "122"]
[EventDate "2007.10.06"]

1. d4 d5 2. Nf3 Nf6 3. e3 c5 4. c3 e6 5. Bd3 Nc6 6. Nbd2 Bd6 7. O-O O-O 8. dxc5
Bxc5 9. e4 dxe4 10. Nxe4 Nxe4 11. Bxe4 Bd7 12. Bxh7+ Kxh7 13. Ng5+ Kg6 14. h4
f5 15. h5+ Kf6 16. Qf3 Ke7 17. Qg3 Bd6 18. Qh4 Rf6 19. Nh7 Qh8 20. Nxf6 gxf6
21. Be3 Rg8 22. Rad1 Qg7 23. Qh3 f4 24. h6 Qg5 25. h7 Rh8 26. Bc1 Ne5 27. Rd4
Nf7 28. Qd3 Bc6 29. f3 Bc5 30. b4 Bxd4+ 31. Qxd4 Rxh7 32. b5 Qxb5 33. Ba3+ Ke8
34. Qxf6 Nd8 35. Rd1 Bd5 36. Qf8+ Kd7 37. Qd6+ Kc8 38. c4 Qa4 39. Rd4 Rd7 40.
Qc5+ Bc6 41. Rxd7 Kxd7 42. Qd4+ Bd5 43. Bc5 Qxc4 44. Qg7+ Kc8 45. Bxa7 Qxa2 46.
Bd4 Qe2 47. Be5 Qe1+ 48. Kh2 Qg3+ 49. Qxg3 fxg3+ 50. Kxg3 Nc6 51. Bb2 Kd7 52.
Kf4 Ke7 53. g4 b5 54. Ke3 Ba2 55. f4 Bb1 56. Ba3+ b4 57. Bb2 Kd6 58. Ba1 Kd5
59. Bb2 Na5 60. Bf6 Nc4+ 61. Ke2 Be4 0-1

[Event "XXXVII Corsicoscacchi FIDE"]
[Site "Corsico ITA"]
[Date "2007.10.07"]
[Round "2"]
[White "Pace, Pietro Dario"]
[Black "Ranieri, Fabrizio"]
[Result "1/2-1/2"]
[WhiteElo "2194"]
[BlackElo "2254"]
[PlyCount "85"]
[EventDate "2007.10.06"]

1. e4 e6 2. d4 d5 3. Nc3 Nf6 4. Bg5 Bb4 5. Nge2 dxe4 6. a3 Be7 7. Bxf6 gxf6 8.
Nxe4 b6 9. g3 f5 10. N4c3 Bb7 11. d5 Nd7 12. Nf4 Bd6 13. Qf3 Qg5 14. Nb5 e5 15.
Nh3 Qg4 16. Bg2 Nf6 17. Qb3 Qh5 18. f4 O-O 19. Nxd6 cxd6 20. fxe5 dxe5 21. O-O
Rac8 22. Qd3 e4 23. Qd4 Ng4 24. c4 Rfd8 25. Rf4 Rc7 26. Raf1 Bc8 27. b4 Qh6 28.
Rxg4+ fxg4 29. Nf4 Qg7 30. Qxe4 f5 31. Qd3 Qe5 32. Rf2 Re7 33. Re2 Qa1+ 34. Bf1
Rxe2 35. Nxe2 Re8 36. Kf2 Qb2 37. c5 bxc5 38. bxc5 Bd7 39. d6 Qe5 40. Qc4+ Be6
41. Qd4 Bd7 42. Qc4+ Be6 43. Qd4 1/2-1/2

[Event "XXXVII Corsicoscacchi FIDE"]
[Site "Corsico ITA"]
[Date "2007.10.07"]
[Round "2"]
[White "Sbarra, Marco"]
[Black "Valsecchi, Alessio"]
[Result "0-1"]
[WhiteElo "2220"]
[BlackElo "2215"]
[PlyCount "71"]
[EventDate "2007.10.06"]

1. d4 Nf6 2. c4 g6 3. Nc3 d5 4. e3 Bg7 5. Nf3 O-O 6. Be2 c5 7. O-O cxd4 8. exd4
Nc6 9. h3 a6 10. a3 Be6 11. c5 Ne4 12. Na4 Qc7 13. b4 f6 14. Bd3 Bf7 15. Bb2
Rad8 16. Qc2 Ng5 17. Nxg5 fxg5 18. Qd2 Qf4 19. Rad1 e5 20. dxe5 Bxe5 21. Bxe5
Nxe5 22. Rfe1 Rfe8 23. Qxf4 gxf4 24. Bf1 d4 25. Nb2 Bb3 26. Rc1 Kf7 27. Nd3
Nxd3 28. Rxe8 Rxe8 29. Bxd3 Ba4 30. Kf1 Ke6 31. Re1+ Kd5 32. Rxe8 Bxe8 33. Ke2
Bb5 34. Kd2 Bxd3 35. Kxd3 g5 36. a4 0-1

[Event "XXXVII Corsicoscacchi FIDE"]
[Site "Corsico ITA"]
[Date "2007.10.07"]
[Round "3"]
[White "Gagliardi, Christian"]
[Black "Vancini, Edoardo"]
[Result "0-1"]
[WhiteElo "2184"]
[BlackElo "2290"]
[PlyCount "120"]
[EventDate "2007.10.06"]

1. Nf3 c5 2. g3 Nc6 3. d3 g6 4. Bg2 Bg7 5. O-O e6 6. e4 Nge7 7. Re1 d6 8. a4
O-O 9. c3 e5 10. Na3 h6 11. Be3 f5 12. Qd2 Kh7 13. exf5 Nxf5 14. h4 Rf7 15. Nc2
Qf8 16. Qe2 Kh8 17. Nh2 Be6 18. Rf1 Re8 19. Bd2 d5 20. Rab1 Qd6 21. b3 Qd7 22.
Bc1 b6 23. Bb2 Nd6 24. Qd2 d4 25. c4 Bh3 26. f3 Ref8 27. Qe2 Kh7 28. Bc1 Bxg2
29. Kxg2 Nf5 30. Ng4 e4 31. Qxe4 Re8 32. Qd5 Re2+ 33. Rf2 Nxh4+ 34. gxh4 Qxg4+
35. fxg4 Rexf2+ 36. Kg1 Rf1+ 37. Kg2 R1f2+ 38. Kg1 Rf1+ 39. Kg2 Ne5 40. Qxf7
Rxf7 41. Ne1 Nxg4 42. b4 cxb4 43. Rxb4 Rf2+ 44. Kh3 h5 45. Rb2 Rf1 46. Re2 Rf5
47. Bd2 Ne5 48. Kg3 Bf6 49. Re4 Nd7 50. Re8 Nc5 51. Ra8 a5 52. Ra7+ Kg8 53.
Ra8+ Kf7 54. Ra7+ Ke6 55. Nf3 Nxa4 56. Bg5 Kd6 57. Bxf6 Rxf6 58. Nxd4 Kc5 59.
Nc2 Nb2 60. Ra8 Nxd3 0-1

[Event "XXXVII Corsicoscacchi FIDE"]
[Site "Corsico ITA"]
[Date "2007.10.07"]
[Round "3"]
[White "Sbarra, Marco"]
[Black "Mione, Dario"]
[Result "1/2-1/2"]
[WhiteElo "2220"]
[BlackElo "2254"]
[PlyCount "20"]
[EventDate "2007.10.06"]

1. e4 e6 2. d4 d5 3. exd5 exd5 4. Bd3 Nc6 5. c3 Bd6 6. Nf3 Nge7 7. O-O Bf5 8.
Bxf5 Nxf5 9. Re1+ Nfe7 10. Bg5 O-O 1/2-1/2

[Event "XXXVII Corsicoscacchi FIDE"]
[Site "Corsico ITA"]
[Date "2007.10.07"]
[Round "3"]
[White "Scalcione, Michelangelo"]
[Black "Pace, Pietro Dario"]
[Result "1-0"]
[WhiteElo "2357"]
[BlackElo "2194"]
[PlyCount "83"]
[EventDate "2007.10.06"]

1. Nf3 Nf6 2. c4 c6 3. Nc3 d5 4. d4 dxc4 5. a4 Bf5 6. e3 e6 7. Bxc4 Bb4 8. O-O
O-O 9. Qe2 Bg6 10. Ne5 Nbd7 11. Nxg6 hxg6 12. Rd1 Qe7 13. e4 e5 14. d5 Nb6 15.
dxc6 bxc6 16. Bb3 Nbd7 17. Qc4 Bc5 18. Qe2 Rab8 19. Ba2 Bd4 20. Bg5 Nc5 21.
Rac1 Rb4 22. Rc2 Rfb8 23. Bc4 Nxa4 24. Nxa4 Rxa4 25. b3 Rab4 26. h3 Qd6 27. Kh2
Nh7 28. Bd2 R4b7 29. Qg4 c5 30. Ra2 Nf8 31. Qg3 Qe7 32. Bg5 Qc7 33. Bd5 Rb6 34.
Rd3 Ne6 35. Rf3 Rd6 36. Bc4 Rb4 37. Bd2 Rb8 38. Qg4 Rf8 39. h4 Qe7 40. g3 Nd8
41. h5 Kh7 42. hxg6+ 1-0

[Event "XXXVII Corsicoscacchi FIDE"]
[Site "Corsico ITA"]
[Date "2007.10.07"]
[Round "3"]
[White "Valsecchi, Alessio"]
[Black "Ranieri, Fabrizio"]
[Result "0-1"]
[WhiteElo "2215"]
[BlackElo "2254"]
[PlyCount "108"]
[EventDate "2007.10.06"]

1. g3 d5 2. Bg2 c5 3. c4 e6 4. Nf3 Nf6 5. O-O Be7 6. cxd5 Nxd5 7. Nc3 O-O 8.
Nxd5 exd5 9. d4 cxd4 10. Nxd4 Nc6 11. Bf4 Qb6 12. Nxc6 bxc6 13. Rc1 Be6 14. Qc2
Rac8 15. h4 Bf6 16. b3 Rfd8 17. e4 g6 18. e5 Be7 19. Qd2 Qb4 20. Qe2 c5 21. Bf3
a5 22. h5 a4 23. Bd2 Qb8 24. hxg6 hxg6 25. Kg2 Kg7 26. Rh1 Rh8 27. Bf4 axb3 28.
axb3 Rxh1 29. Rxh1 Qxb3 30. Bg4 d4 31. Bh6+ Kg8 32. Rc1 Ra8 33. Bf4 Ra2 34.
Bxe6 Qxe6 35. Qe4 Ra6 36. Qb1 Qd5+ 37. Kg1 g5 38. Qf5 gxf4 39. Qc8+ Kg7 40.
Qxa6 fxg3 41. Qe2 gxf2+ 42. Kxf2 Bh4+ 43. Kg1 Bg5 44. Rd1 Qe6 45. Qe4 Qg6 46.
Qxg6+ Kxg6 47. Kg2 Kf5 48. Rf1+ Bf4 49. Kf3 c4 50. Rh1 c3 51. Rh4 Bg5 52. Rxd4
c2 53. Rc4 c1=Q 54. Rxc1 Bxc1 0-1

[Event "XXXVII Corsicoscacchi FIDE"]
[Site "Corsico ITA"]
[Date "2007.10.13"]
[Round "4"]
[White "Mione, Dario"]
[Black "Scalcione, Michelangelo"]
[Result "1-0"]
[WhiteElo "2254"]
[BlackElo "2357"]
[PlyCount "85"]
[EventDate "2007.10.06"]

1. e4 e5 2. Nf3 d6 3. Nc3 Nf6 4. Bc4 Be7 5. d4 Nbd7 6. dxe5 dxe5 7. Bxf7+ Kxf7
8. Ng5+ Kg6 9. f4 exf4 10. Ne6 Qg8 11. Nd5 Bd6 12. Nexc7 Bxc7 13. Ne7+ Kf7 14.
Nxg8 Rxg8 15. Qd3 Ba5+ 16. Bd2 Bxd2+ 17. Qxd2 Re8 18. O-O-O Nb6 19. Rde1 g5 20.
h4 Nxe4 21. Qb4 Bf5 22. hxg5 Rac8 23. Qa5 Rc5 24. Qxa7 Nd7 25. Rd1 Rec8 26. c3
Ne5 27. Rhf1 f3 28. gxf3 Nxc3 29. bxc3 Rb5 30. Qd4 Rb1+ 31. Kd2 Nc4+ 32. Qxc4+
Rxc4 33. Rxb1 Bxb1 34. Rxb1 Ra4 35. Rxb7+ Kg6 36. Rb5 Rxa2+ 37. Ke3 Rc2 38. Rc5
Kh5 39. Kf4 Kh4 40. Rc6 Kh3 41. Rh6+ Kg2 42. Rxh7 Rxc3 43. Kg4 1-0

[Event "XXXVII Corsicoscacchi FIDE"]
[Site "Corsico ITA"]
[Date "2007.10.13"]
[Round "4"]
[White "Pace, Pietro Dario"]
[Black "Valsecchi, Alessio"]
[Result "1/2-1/2"]
[WhiteElo "2194"]
[BlackElo "2215"]
[PlyCount "107"]
[EventDate "2007.10.06"]

1. e4 c5 2. Nf3 Nc6 3. d4 cxd4 4. Nxd4 g6 5. Nxc6 bxc6 6. Qd4 Nf6 7. e5 Nd5 8.
e6 f6 9. h4 Qa5+ 10. c3 d6 11. h5 Rg8 12. hxg6 hxg6 13. Nd2 Nc7 14. Nc4 Qd5 15.
Qh4 Qxe6+ 16. Ne3 a5 17. Bc4 d5 18. Bb3 Ba6 19. Bd2 f5 20. O-O-O Qf6 21. Qh2
O-O-O 22. Qf4 Bb5 23. c4 e5 24. Ng4 Qe6 25. Nxe5 g5 26. Qe3 dxc4 27. Bc2 Nd5
28. Qa7 Qxe5 29. Rhe1 Rg7 30. Qa8+ Qb8 31. Bxf5+ Rgd7 32. Qxb8+ Kxb8 33. Bxd7
Ba4 34. Re8 Rxe8 35. Bxe8 Bxd1 36. Kxd1 Nb4 37. Bxg5 Bg7 38. a3 Nd3 39. Be3
Bxb2 40. Bxc6 Bxa3 41. Be4 Bb4 42. g4 a4 43. Kc2 a3 44. Bd4 a2 45. Ba1 Nxf2 46.
Bf5 Nd3 47. g5 Bf8 48. g6 Nb4+ 49. Kd1 Nd3 50. Be6 Nf4 51. Bf7 Nh5 52. Bxc4 Bg7
53. Bxg7 Nxg7 54. Bxa2 1/2-1/2